Missing Word: '70s Movies A-Z Quiz Stats

Quiz Updated Jan 1, 2015

Challenge
Share
Tweet
Embed
Score 0/24 Timer 03:00
0 Plays Today
Hint Answer % Correct
____ Night FeverSaturday
97.9%
Willy ____ and the Chocolate FactoryWonka
97.8%
Monty ____ and the Holy GrailPython
97.5%
Apocalypse ____Now
97%
All the President's ____Men
96.7%
The ____ Horror Picture ShowRocky
96.4%
A Clockwork ____Orange
96.1%
Close ____ of the Third KindEncounters
94.9%
One Flew Over the ____ NestCuckoo's
93.7%
____ SaddlesBlazing
93.7%
____ in SmokeUp
91.6%
____ DriverTaxi
91.5%
Hint Answer % Correct
The ____ HunterDeer
91.3%
All that ____Jazz
91.3%
____ vs. ____Kramer
90.7%
____ FrankensteinYoung
90.3%
The ____ ConnectionFrench
89.4%
Annie ____Hall
88.7%
The Towering ____Inferno
86.5%
The ____: Part IIGodfather
80.2%
____ HouseAnimal
78%
The ____ Picture ShowLast
74.2%
____ PointVanishing
24.6%
____ DawnZulu
24%

Today's Daily Dose

You're not logged in!

Compare scores with friends on all Sporcle quizzes.
Join for Free
OR
Log In

You Might Also Like...

Show Comments

Extras

Top Quizzes Today


Score Distribution

Your Account Isn't Verified!

In order to create a playlist on Sporcle, you need to verify the email address you used during registration. Go to your Sporcle Settings to finish the process.

Report this User

Report this user for behavior that violates our Community Guidelines.

Details: